Statistics for Insane Clown Posse Discography

Click here to take the quiz!

General Stats

  • This quiz has been taken 36 times
  • The average score is 11 of 47

Answer Stats

YearNameType% Correct
1992Carnival of CarnageAlbum
70%
1997The Great MilenkoAlbum
70%
2004The Wraith: Hell's PitAlbum
65%
2002The Wraith: Shangri-LaAlbum
60%
2009Bang! Pow! Boom!Album
55%
1995Riddle BoxAlbum
55%
1994RingmasterAlbum
55%
2012The Mighty Death Pop!Album
50%
2000BizzarAlbum
45%
2000BizzarAlbum
45%
1991Dog BeatsEP
45%
1999The Amazing Jeckel BrothersAlbum
45%
1994The Terror WheelEP
35%
1996Tunnel of LoveEP
35%
1995Forgotten FreshnessCompilation
30%
2005The CalmEP
30%
2001Forgotten Freshness Volume 3Compilation
25%
2005Forgotten Freshness Volume 4Compilation
25%
2013Forgotten Freshness Volume 5Compilation
25%
1997Mutilation MixCompilation
25%
2015The Marvelous Missing Link: FoundAlbum
25%
2015The Marvelous Missing Link: LostAlbum
25%
2007The TempestAlbum
25%
1991Bass-ment CutsEP
20%
2011Featuring FreshnessCompilation
20%
2007Eye of the StormEP
15%
2010The Old S...Compilation
15%
1994A Carnival ChristmasEP
10%
1993Beverly Kills 50187EP
10%
1990Enter the Ghetto ZoneEP
10%
2014House of WaxEP
10%
2007Jugganauts: The Best of Insane Clown PosseCompilation
10%
2011American PsychoAlbum (Collab)
5%
1990Ghetto TerritoryEP
5%
2005GOTJ 2005Album (Collab)
5%
1990Intelligence and ViolenceEP
5%
2014Reindeer GamesAlbum (Collab)
5%
2014The First SixBox Set
5%
2015The Marvelous Missing Link: OuttakesCompilation
5%
2002The PendulumCompilation
5%
201420th Anniversary HallowickedCompilation
0%
201520th Anniversary: Riddle BoxCompilation
0%
201720th Anniversary: The Great MilenkoCompilation
0%
2000Dark Carnival Action FiguresEP
0%
1998Forgotten Freshness Volumes 1 & 2Compilation
0%
2015Phantom X-tra Spooky EditionEP
0%
2006The Wraith: Remix AlbumsCompilation
0%

Score Distribution

Percentile by Number Answered

Percent of People with Each Score

Your Score History

You have not taken this quiz